Antropología / (Registro nro. 859)

Detalles MARC
000 -LEADER
fixed length control field 01014nam a2200265 a 4500
008 - CAMPO DE CONTROL (LIBRO)
fixed length control field 110704s2010 ag ||||f |||| 001 0 spa d
020 ## - INTERNATIONAL STANDARD BOOK NUMBER
ISBN 9789502308159
041 ## - CODIGO DE IDIOMA
Código de idioma del texto/pista de sonido o título separado spa
092 ## - SIGNATURA TOPOGRAFICA DEWEY LOCAL
número de clasificación 301
libristica 48
sección LIS
100 1# - ENTRADA PRINCIPAL--NOMBRE PERSONAL
Nombre personal Lischetti, Mirtha.
9 (RLIN) 79
Función Compiladora
245 ## - TITULO PROPIAMENTE DICHO
Título Antropología /
Mención de responsabilidad y remanente de la transcripción de la portada Mirtha Lischetti
250 ## - MENCION DE EDICION
Mención de edición 2a ed. 9a reimp.
260 ## - PIE DE IMPRENTA
Lugar de publicación, distribución, etc Buenos Aires:
Nombre de la editorial, distribuidor, etc EUDEBA;
Fecha de publicación 2010.
300 ## - DESCRIPCION FISICA
Extension 414 p.
Dimensiones 24x18 cm.
500 ## - NOTA GENERAL
Nota general Lischetti, M. (comp.). (2010). Antropología. (2a ed.). Buenos Aires : EUDEBA.
590 ## - NOTAS LOCALES (RLIN)
Nota local Compra FACIMED 2011
653 ## - TÉRMINO INDIZADO - PALABRAS CLAVES
Palabra clave Antropología como disciplina científica
653 ## - TÉRMINO INDIZADO - PALABRAS CLAVES
Palabra clave Principales corrientes teóricas en antropología
653 ## - TÉRMINO INDIZADO - PALABRAS CLAVES
Palabra clave Procesos de conformación de la identidad étnica en América Latina
653 ## - TÉRMINO INDIZADO - PALABRAS CLAVES
Palabra clave Naturaleza y cultura
653 ## - TÉRMINO INDIZADO - PALABRAS CLAVES
Palabra clave Proceso de hominización. Aspectos biológicos y culturales
653 ## - TÉRMINO INDIZADO - PALABRAS CLAVES
Palabra clave Poder, racismo y exclusión
653 ## - TÉRMINO INDIZADO - PALABRAS CLAVES
Palabra clave Crisis y vigencia de un concepto: la cultura en la óptica de la antropología
942 ## - ADDED ENTRY ELEMENTS (KOHA)
Source of classification or shelving scheme Dewey Decimal Classification
Item type Libros
Existencias
Estado de retiro Existencia Fuente de clasificación Estado general No para prestamo Colección Ubicación permanente ubicación actual Sala de ubicación Fecha de adquisición Total Checkouts Total Renewals Número de clasificación Código de barras Date last seen Date last borrowed Número de ejemplar Price effective from Koha tipo de elemento (item) Public note
    Dewey Decimal Classification     Reference Biblioteca Medicina Biblioteca Medicina Referencia 04/07/2011 1 2 301 48 LIS 2313 06/11/2014 04/04/2014 ej.1 04/07/2011 Reference LIBRO DE CONSULTA
    Dewey Decimal Classification       Biblioteca Medicina Biblioteca Medicina Circulación 04/07/2011 12 4 301 48 LIS 2314 15/06/2018 12/06/2018 ej.2 04/07/2011 Libros LIBRO REEMPLAZADO POR CARLA BRASSESCO, EL DIA 16/10/2013. SOCIA SUSPENDIDA POR 142 DIAS, HASTA EL DIA 11/03/2014 INCLUSIVE.

UNIVERSIDAD NACIONAL DEL COMAHUE
Biblioteca de la Facultad de Ciencias Médicas
Sede Toschi: Los Arrayanes y Av. Toschi, Cipolletti  - Rio Negro
Sede Los Tordos:  Yrigoyen al 2211, Cipolletti - Rio Negro 

Teléfono: 0299 - 4774707 int 25
Contacto: biblioteca@facimed.uncoma.edu.ar
© 2011 - 2026